| 000 | 00804cam a2200205 4500 | ||
|---|---|---|---|
| 008 | 090401t1984 xxu||||| |||| 00| 0 eng d | ||
| 020 | _a0620079045 | ||
| 035 | _a(Sirsi) u51290 | ||
| 041 | _aeng | ||
| 050 | _a526.90968 | ||
| 245 | _aHistory of surveying and land tenure in South Africa : collected papers. Volume one: surveying and land tenure in the Cape 1652-1812 | ||
| 260 |
_aRondebosch _bUniversity of Cape Town Department of Su _c1984 |
||
| 300 | _a255p. : ill. ; 30cm. | ||
| 350 | _a16.95 | ||
| 520 | _aPapers presented at a synposium held at the University of Stellenbosch by the Committee for the History of Surveying and Land Tenure in South Africa , July 1983. | ||
| 650 | _aLAND SURVEYING | ||
| 700 |
_aMartin, C.G.C. & Friedlaender. _xEditor |
||
| 942 | _n0 | ||
| 948 | _c04/03/1997 | ||
| 999 |
_c92860 _d92860 |
||